000 00676nam a2200265 a 4500
999 _c9717
_d9717
001 9717
003 BD-JhCC
005 20190321100055.0
008 500101s1961 c 000 0 eng d
035 _aBD-JhCC)9717
040 _aBD-JhCC
_cUKM
_dBD-JhCC
041 _aeng
082 _a823.91
_bGOR 1961
082 _aF
_218
100 1 _aGordon, Richard,
_d1921-2017.
245 1 0 _aDoctor in the house
260 _aLongmans, Green,
_c1961
300 _a176 p. ;
_c21 cm
490 1 _aModern reading series
500 _aOriginally published, Joseph, 1964
650 _aPhysician education
830 0 _aModern reading series
942 _2ddc
_cBK